[Event "Newport Open"]
[Site "Newport"]
[Date "2007.01.06"]
[Round "3"]
[White "Tew, Paul"]
[Black "Taylor, Robert Graham"]
[Result "0-1"]
[WhiteElo "1966"]
[BlackElo "2014"]
[PlyCount "106"]
[EventDate "2007.01.05"]
[EventType "swiss"]
[EventRounds "5"]
[EventCountry "WLS"]
[SourceTitle "BritBase"]
[Source "John Saunders"]
[SourceDate "2025.01.31"]
[SourceVersion "1"]
[SourceVersionDate "2025.01.31"]
[SourceQuality "1"]

1. d4 c5 2. d5 Nf6 3. c4 Ne4 4. f3 Qa5+ 5. Bd2 Nxd2 6. Qxd2 Qxd2+ 7. Nxd2 g6 8. e4 Bg7 9. Rb1 d6 10. g3 Na6 11. a3 O-O 12. Bh3 Rb8 13. Bxc8 Rfxc8 14. Ne2 Nc7 15. O-O a6 16. Rfc1 b5 17. b4 bxc4 18. Nxc4 Nb5 19. Na5 Bd4+ 20. Kg2 Be3 21. Rd1 Na7 22. Rb3 Bh6 23. Rdb1 cxb4 24. Nd4 Nb5 25. Nxb5 Rc2+ 26. Kh3 Rxb5 27. Nc6 bxa3 28. Rxb5 axb5 29. Rxb5 a2 30. Ra5 Bd2 31. Nd4 Bxa5 32. Nxc2 Bc3 33. Kg4 a1=Q 34. Nxa1 Bxa1 35. h4 Kg7 36. h5 Bd4 37. f4 Bf2 38. hxg6 Kxg6 39. Kf3 Bd4 40. g4 f6 41. Kg3 h5 42. Kh4 hxg4 43. Kxg4 Bc3 44. f5+ Kh6 45. Kh4 Bb4 46. Kg4 Be1 47. Kf4 Kh5 48. Kf3 Kg5 49. Ke3 Kg4 50. Kd4 Kf4 51. Kd3 Ke5 52. Ke3 Ba5 53. Kf3 Bb6 0-1

[Event "Newport Open"]
[Site "Newport"]
[Date "2007.01.06"]
[Round "3"]
[White "Thomas, Joseff"]
[Black "Wagner, Guy"]
[Result "1-0"]
[WhiteElo "2093"]
[BlackElo "1730"]
[PlyCount "63"]
[EventDate "2007.01.05"]
[EventType "swiss"]
[EventRounds "5"]
[EventCountry "WLS"]
[SourceTitle "BritBase"]
[Source "John Saunders"]
[SourceDate "2025.01.31"]
[SourceVersion "1"]
[SourceVersionDate "2025.01.31"]
[SourceQuality "1"]

1. e4 e6 2. b3 d5 3. Bb2 Nf6 4. e5 Nfd7 5. f4 c5 6. Nf3 Be7 7. Bd3 f5 8. exf6 Bxf6 9. Ne5 Nxe5 10. fxe5 Be7 11. Qh5+ Kd7 12. Nc3 Qe8 13. Qg4 d4 14. Ne4 Nc6 15. Qxg7 Kd8 16. Nd6 Qf8 17. Nf7+ Kc7 18. Qxh8 Qxf7 19. Qxh7 Qf4 20. O-O-O Bd7 21. Bb5 Re8 22. Ba3 c4 23. Bxe7 Rxe7 24. Qh3 cxb3 25. Qxb3 Qxe5 26. Rde1 Qc5 27. Rhf1 Na5 28. Qg3+ Kd8 29. Qb8+ Qc8 30. Rf8+ Re8 31. Rxe8+ Kxe8 32. Qxc8+ 1-0

[Event "Newport Open"]
[Site "Newport"]
[Date "2007.01.06"]
[Round "3"]
[White "Spice, Alan P"]
[Black "Young, Alan J"]
[Result "1/2-1/2"]
[WhiteElo "2216"]
[BlackElo "2062"]
[PlyCount "120"]
[EventDate "2007.01.05"]
[EventType "swiss"]
[EventRounds "5"]
[EventCountry "WLS"]
[SourceTitle "BritBase"]
[Source "John Saunders"]
[SourceDate "2025.01.31"]
[SourceVersion "1"]
[SourceVersionDate "2025.01.31"]
[SourceQuality "1"]

1. Nc3 d5 2. e4 dxe4 3. Nxe4 Nc6 4. Nf3 Bf5 5. Ng3 Bg6 6. d4 Qd6 7. h4 h5 8. c3 O-O-O 9. Bb5 a6 10. Bxc6 Qxc6 11. Ne5 Qxg2 12. Nxg6 fxg6 13. Qc2 Nf6 14. Qxg6 e5 15. Be3 exd4 16. Bxd4 Rxd4 17. cxd4 Bb4+ 18. Kd1 Rd8 19. Qf5+ Kb8 20. Kc2 Ng4 21. Rag1 Qc6+ 22. Kb1 Rf8 23. Qc2 Qd7 24. Ne4 Rf4 25. Rc1 Rxe4 26. Qxe4 Nxf2 27. Qe5 Nxh1 28. Rxh1 Qg4 29. a3 Bd6 30. Qd5 g6 31. Rf1 Qxh4 32. Qg8+ Ka7 33. Qxg6 Qxd4 34. Re1 Be5 35. Qc2 Bd6 36. Re4 Qd5 37. Qf2+ Bc5 38. Qe2 Bd6 39. Rh4 Qf5+ 40. Ka1 Qf6 41. Rxh5 Bxa3 42. Qe3+ b6 43. Re5 Bc5 44. Qe4 Qf1+ 45. Ka2 Qf7+ 46. Kb1 Qf1+ 47. Kc2 Qf2+ 48. Kb3 Qf6 49. Kc4 Qf7+ 50. Re6 Qf1+ 51. Kb3 Qf7 52. Ka2 Bd6 53. Qd5 Qf4 54. Re4 Qf8 55. Qc6 Qa8 56. Qxa8+ Kxa8 57. Kb3 Kb7 58. Kc3 Kc6 59. Kc4 b5+ 60. Kc3 Kb6 1/2-1/2

[Event "Newport Open"]
[Site "Newport"]
[Date "2007.01.06"]
[Round "3"]
[White "Beveridge, Nigel K"]
[Black "White, Michael"]
[Result "0-1"]
[WhiteElo "2009"]
[BlackElo "2200"]
[PlyCount "40"]
[EventDate "2007.01.05"]
[EventType "swiss"]
[EventRounds "5"]
[EventCountry "WLS"]
[SourceTitle "BritBase"]
[Source "John Saunders"]
[SourceDate "2025.01.31"]
[SourceVersion "1"]
[SourceVersionDate "2025.01.31"]
[SourceQuality "1"]

1. e4 c5 2. a3 g6 3. b4 Bg7 4. Nc3 b6 5. Rb1 e6 6. g3 Ne7 7. Bg2 Nbc6 8. Nge2 O-O 9. O-O a5 10. bxc5 bxc5 11. Na4 d6 12. Bb2 e5 13. d3 f5 14. f4 Rb8 15. Nac3 fxe4 16. dxe4 exf4 17. gxf4 Bg4 18. Qc1 Qd7 19. Kh1 h5 20. Qe3 Nd4 0-1

[Event "Newport Open"]
[Site "Newport"]
[Date "2007.01.06"]
[Round "3"]
[White "Brockbank, Henry W"]
[Black "Hunt, Bill"]
[Result "1/2-1/2"]
[WhiteElo "1816"]
[BlackElo "1774"]
[PlyCount "35"]
[EventDate "2007.01.05"]
[EventType "swiss"]
[EventRounds "5"]
[EventCountry "WLS"]
[SourceTitle "BritBase"]
[Source "John Saunders"]
[SourceDate "2025.01.31"]
[SourceVersion "1"]
[SourceVersionDate "2025.01.31"]
[SourceQuality "1"]

1. c4 g6 2. Nc3 Bg7 3. e4 c5 4. g3 d6 5. Bg2 Nc6 6. Nge2 Nf6 7. d3 O-O 8. O-O Bd7 9. h3 Rb8 10. Be3 a6 11. a4 Re8 12. b3 Qc8 13. g4 h5 14. g5 Nh7 15. Kh2 Nd4 16. Rc1 Nf8 17. f4 e6 18. Bf2 1/2-1/2

[Event "Newport Open"]
[Site "Newport"]
[Date "2007.01.06"]
[Round "3"]
[White "Davies, Carl"]
[Black "Abbott, Mark V"]
[Result "0-1"]
[WhiteElo "1817"]
[BlackElo "1888"]
[PlyCount "68"]
[EventDate "2007.01.05"]
[EventType "swiss"]
[EventRounds "5"]
[EventCountry "WLS"]
[SourceTitle "BritBase"]
[Source "John Saunders"]
[SourceDate "2025.01.31"]
[SourceVersion "1"]
[SourceVersionDate "2025.01.31"]
[SourceQuality "1"]

1. c4 g6 2. g3 Bg7 3. Bg2 c5 4. Nc3 Nc6 5. a3 d6 6. Rb1 a5 7. d3 e5 8. e4 Nge7 9. Nge2 O-O 10. O-O Be6 11. Nd5 Bxd5 12. cxd5 Nd4 13. Nxd4 cxd4 14. f4 f5 15. fxe5 dxe5 16. Bg5 Bf6 17. Qd2 Bxg5 18. Qxg5 Qd6 19. Bh3 fxe4 20. Be6+ Kg7 21. dxe4 h6 22. Qd2 Ng8 23. Rxf8 Rxf8 24. Qxa5 Nf6 25. Rf1 Nxe4 26. Rxf8 Qxf8 27. Qc7+ Kf6 28. Qxb7 d3 29. Qa6 Qc5+ 30. Kh1 Qc1+ 31. Kg2 Qd2+ 32. Kh3 Nf2+ 33. Kg2 Ng4+ 34. Kh3 Qxh2+ 0-1

[Event "Newport Open"]
[Site "Newport"]
[Date "2007.01.06"]
[Round "3"]
[White "Dixon, Chris"]
[Black "Fathallah, Joe"]
[Result "0-1"]
[WhiteElo "1844"]
[BlackElo "1922"]
[PlyCount "64"]
[EventDate "2007.01.05"]
[EventType "swiss"]
[EventRounds "5"]
[EventCountry "WLS"]
[SourceTitle "BritBase"]
[Source "John Saunders"]
[SourceDate "2025.01.31"]
[SourceVersion "1"]
[SourceVersionDate "2025.01.31"]
[SourceQuality "1"]

1. f4 d5 2. Nf3 g6 3. e3 Bg7 4. Be2 c5 5. d3 Nc6 6. O-O Bg4 7. h3 Bd7 8. c3 Nf6 9. a4 Qc8 10. Kh2 Qc7 11. d4 cxd4 12. exd4 h5 13. b4 Ne4 14. b5 Na5 15. Ne5 Bf5 16. Bb2 f6 17. Nd3 Bh6 18. Bxh5 O-O-O 19. Be2 g5 20. Na3 gxf4 21. Bf3 e5 22. Rc1 Nc4 23. Nxc4 dxc4 24. Nb4 Qh7 25. Qe2 Bg5 26. Qxc4+ Kb8 27. Na6+ bxa6 28. bxa6 Rd7 29. Bxe4 Bxe4 30. Ba3 f3 31. Qb5+ Ka8 32. Rb1 fxg2 0-1

[Event "Newport Open"]
[Site "Newport"]
[Date "2007.01.06"]
[Round "3"]
[White "Harley-Yeo, Gareth"]
[Black "Downey, Keith AB"]
[Result "0-1"]
[WhiteElo "2009"]
[BlackElo "1834"]
[PlyCount "90"]
[EventDate "2007.01.05"]
[EventType "swiss"]
[EventRounds "5"]
[EventCountry "WLS"]
[SourceTitle "BritBase"]
[Source "John Saunders"]
[SourceDate "2025.01.31"]
[SourceVersion "1"]
[SourceVersionDate "2025.01.31"]
[SourceQuality "1"]

1. d4 Nf6 2. c4 e6 3. Nc3 Bb4 4. e3 O-O 5. Bd3 d5 6. c5 e5 7. a3 Bxc3+ 8. bxc3 e4 9. Be2 c6 10. g4 Be6 11. h4 Nfd7 12. Kd2 b6 13. cxb6 axb6 14. a4 c5 15. g5 Nc6 16. Nh3 cxd4 17. exd4 Na5 18. Nf4 Rc8 19. Ba3 Qc7 20. Nxd5 Bxd5 21. Rh3 Nb3+ 22. Ke1 Nxa1 23. Bxf8 Nxf8 24. Qxa1 Be6 25. Rg3 e3 26. Rxe3 Qh2 27. Qb2 Qg1+ 28. Kd2 Qxf2 29. Rf3 Qxh4 30. Qxb6 Qxg5+ 31. Re3 Rxc3 32. Kxc3 Qxe3+ 33. Bd3 Bf5 34. Qb5 Bxd3 35. Qxd3 Qxd3+ 36. Kxd3 Nd7 37. a5 Nb8 38. d5 Kf8 39. d6 Ke8 40. Kc4 h5 41. Kb5 Kd7 42. Kb6 h4 43. Kb7 Nc6 44. a6 h3 45. Ka8 h2 0-1

[Event "Newport Open"]
[Site "Newport"]
[Date "2007.01.06"]
[Round "3"]
[White "Mordue, A Tyson"]
[Black "Turner, Joseph David"]
[Result "1-0"]
[WhiteElo "2152"]
[BlackElo "1983"]
[PlyCount "71"]
[EventDate "2007.01.05"]
[EventType "swiss"]
[EventRounds "5"]
[EventCountry "WLS"]
[SourceTitle "BritBase"]
[Source "John Saunders"]
[SourceDate "2025.01.31"]
[SourceVersion "1"]
[SourceVersionDate "2025.01.31"]
[SourceQuality "1"]

1. e4 e5 2. Nf3 d5 3. exd5 Bd6 4. d4 e4 5. Ne5 Nf6 6. Bb5+ Bd7 7. Nxd7 Nbxd7 8. Nc3 a6 9. Bxd7+ Qxd7 10. O-O O-O-O 11. Bg5 Qf5 12. Qd2 h6 13. Bxf6 gxf6 14. f3 Qh5 15. f4 f5 16. Nd1 Rhg8 17. Ne3 Rg7 18. c4 Be7 19. Rad1 Rdg8 20. Rc1 Qg6 21. c5 h5 22. d6 Bd8 23. dxc7 Bxc7 24. d5 h4 25. d6 Bd8 26. Kh1 Qe6 27. Rf2 Rg3 28. Re2 R3g7 29. c6 Bb6 30. Nd5 Ba7 31. d7+ Kd8 32. c7+ Kxd7 33. c8=Q+ Rxc8 34. Nb6+ Ke7 35. Nxc8+ Ke8 36. Nd6+ 1-0

[Event "Newport Open"]
[Site "Newport"]
[Date "2007.01.06"]
[Round "3"]
[White "Thomas, Jac"]
[Black "Sully, David John"]
[Result "0-1"]
[WhiteElo "1964"]
[BlackElo "2152"]
[PlyCount "78"]
[EventDate "2007.01.05"]
[EventType "swiss"]
[EventRounds "5"]
[EventCountry "WLS"]
[SourceTitle "BritBase"]
[Source "John Saunders"]
[SourceDate "2025.01.31"]
[SourceVersion "1"]
[SourceVersionDate "2025.01.31"]
[SourceQuality "1"]

1. e4 e6 2. b3 b6 3. Bb2 Bb7 4. Nc3 c5 5. Qe2 Nc6 6. Nf3 d6 7. O-O-O e5 8. Ng1 Nge7 9. f4 Nd4 10. Qf2 f6 11. Nf3 a6 12. Re1 b5 13. Nxd4 cxd4 14. Nd1 Qc7 15. g4 Rc8 16. d3 Ng6 17. f5 Nf4 18. Kb1 h5 19. Bc1 hxg4 20. Bxf4 exf4 21. Rg1 g3 22. hxg3 f3 23. Nb2 Qxc2+ 24. Qxc2 Rxc2 25. Kxc2 f2 26. Bg2 Rh2 27. Ref1 fxg1=Q 28. Rxg1 d5 29. Kb1 dxe4 30. Bxe4 Bxe4 31. dxe4 {(=)} Ba3 32. Nd3 Rd2 33. Nf4 d3 34. Rf1 Rb2+ 35. Ka1 d2 36. Nd3 Rc2 37. Kb1 Rc3 38. Nb2 Re3 39. Rd1 Re1 0-1

[Event "Newport Open"]
[Site "Newport"]
[Date "2007.01.06"]
[Round "3"]
[White "White, Ernest Michael"]
[Black "Bridges, Paul L"]
[Result "1/2-1/2"]
[WhiteElo "1960"]
[BlackElo "1769"]
[PlyCount "58"]
[EventDate "2007.01.05"]
[EventType "swiss"]
[EventRounds "5"]
[EventCountry "WLS"]
[SourceTitle "BritBase"]
[Source "John Saunders"]
[SourceDate "2025.01.31"]
[SourceVersion "1"]
[SourceVersionDate "2025.01.31"]
[SourceQuality "1"]

1. Nf3 e6 2. g3 f5 3. Bg2 Nf6 4. c4 c6 5. d4 d5 6. b3 Bd6 7. O-O Qe7 8. a4 a5 9. Ba3 Nbd7 10. Bxd6 Qxd6 11. Nbd2 O-O 12. Qc2 b6 13. Rfc1 Bb7 14. e3 Rac8 15. Qb2 Ne4 16. Rab1 c5 17. Rd1 Qe7 18. Ne5 Nxe5 19. dxe5 Rcd8 20. f3 Nxd2 21. Rxd2 Rd7 22. Rbd1 Rfd8 23. f4 Kf7 {(=)} 24. cxd5 Bxd5 25. Qc3 Bxg2 26. Kxg2 Rxd2+ 27. Rxd2 Rxd2+ 28. Qxd2 Qb7+ 29. Kf2 Qd5 1/2-1/2

[Event "Newport Open"]
[Site "Newport"]
[Date "2007.01.07"]
[Round "3"]
[White "Jones, Richard S"]
[Black "Kett, Timothy J"]
[Result "1/2-1/2"]
[WhiteElo "2302"]
[BlackElo "2231"]
[PlyCount "104"]
[EventDate "2007.01.05"]
[EventType "swiss"]
[EventRounds "5"]
[EventCountry "WLS"]
[SourceTitle "BritBase"]
[Source "John Saunders"]
[SourceDate "2025.01.31"]
[SourceVersion "1"]
[SourceVersionDate "2025.01.31"]
[SourceQuality "1"]

1. e4 e5 2. Nf3 Nc6 3. Bb5 a6 4. Ba4 Nf6 5. O-O Be7 6. Re1 b5 7. Bb3 O-O 8. h3 d6 9. c3 Na5 10. Bc2 c5 11. d4 Qc7 12. Nbd2 Bd7 13. Nf1 Rac8 14. Ne3 Rfe8 15. b3 Bf8 16. Bd2 cxd4 17. cxd4 Nc6 18. d5 Nd4 19. Bd3 Qb6 20. b4 g6 21. Nc2 Nxc2 22. Bxc2 Nh5 23. Be3 Qc7 24. Bd3 Qc3 25. Rb1 Nf4 26. Rb3 Qc7 27. Bb1 a5 28. bxa5 Qxa5 29. Bd2 Qa7 30. Bxf4 exf4 31. Qd2 Bh6 32. Bd3 Rc5 33. Nd4 Qa4 34. Rb4 f3 35. Qb2 Qa5 36. Nxf3 Bg7 37. Nd4 Rxd5 38. Re2 Rxd4 39. Rxd4 Qb6 40. e5 Bxe5 41. Rxe5 Rxe5 42. Rb4 Qc5 43. Kh2 Bc6 44. Bf1 Rf5 45. Rd4 Qe5+ 46. Kg1 Rf4 47. Rd2 Qxb2 48. Rxb2 Ra4 49. Rd2 d5 50. Rc2 Bd7 51. Rc5 Rxa2 52. Rxd5 Ra7 1/2-1/2

[Event "Newport Open"]
[Site "Newport"]
[Date "2007.01.07"]
[Round "4"]
[White "Abbott, Mark V"]
[Black "Beveridge, Nigel K"]
[Result "1/2-1/2"]
[WhiteElo "1888"]
[BlackElo "2009"]
[PlyCount "67"]
[EventDate "2007.01.05"]
[EventType "swiss"]
[EventRounds "5"]
[EventCountry "WLS"]
[SourceTitle "BritBase"]
[Source "John Saunders"]
[SourceDate "2025.01.31"]
[SourceVersion "1"]
[SourceVersionDate "2025.01.31"]
[SourceQuality "1"]

1. d4 Nf6 2. c4 g6 3. Nc3 Bg7 4. e4 d6 5. Nf3 O-O 6. Be2 e5 7. O-O Na6 8. Be3 Ng4 9. Bg5 Qe8 10. h3 exd4 11. Nxd4 Ne5 12. Qd2 Be6 13. b3 Nc5 14. Rad1 Nc6 15. Be3 Qe7 16. f4 Bd7 17. Nd5 Qd8 18. Bf3 Ne6 19. Nxc6 bxc6 20. Nc3 Qe7 21. e5 Rfd8 22. exd6 cxd6 23. Ne4 d5 24. cxd5 cxd5 25. Qxd5 Rac8 26. Qd6 Qxd6 27. Nxd6 Rc2 28. a4 Rc3 29. Bxa7 Rxb3 30. Nb7 Ra8 31. Bf2 Bxa4 32. Nc5 Rxf3 33. gxf3 Bxd1 34. Nxe6 1/2-1/2

[Event "Newport Open"]
[Site "Newport"]
[Date "2007.01.07"]
[Round "4"]
[White "Sully, David John"]
[Black "Jones, Richard S"]
[Result "0-1"]
[WhiteElo "2152"]
[BlackElo "2302"]
[PlyCount "112"]
[EventDate "2007.01.05"]
[EventType "swiss"]
[EventRounds "5"]
[EventCountry "WLS"]
[SourceTitle "BritBase"]
[Source "John Saunders"]
[SourceDate "2025.01.31"]
[SourceVersion "1"]
[SourceVersionDate "2025.01.31"]
[SourceQuality "1"]

1. e4 c5 2. Nf3 d6 3. Bb5+ Nc6 4. O-O Bd7 5. Re1 Nf6 6. c3 a6 7. Bf1 Bg4 8. d3 e6 9. Nbd2 Be7 10. h3 Bxf3 11. Nxf3 Rc8 12. d4 cxd4 13. cxd4 O-O 14. a3 d5 15. e5 Nd7 16. Bf4 Na5 17. Bd3 Nc4 18. b3 Nxa3 19. Bxh7+ Kxh7 20. Rxa3 Kg8 21. Ra1 Nb8 22. h4 Qb6 23. Qd3 Nc6 24. Bd2 Rc7 25. Red1 Nb4 26. Qb1 Rfc8 27. Ra4 Rc2 28. Ne1 R2c6 29. Bxb4 Bxb4 30. Nd3 Be7 31. g3 Rc3 32. Rc1 R8c6 33. Rxc3 Rxc3 34. Nc1 Qc6 35. Na2 Rc2 36. Kg2 Rd2 37. Qc1 Qc2 38. Qxc2 Rxc2 39. Kf3 Rb2 40. b4 Kf8 41. Ke3 g6 42. f3 Rb3+ 43. Ke2 Ke8 44. Nc1 Rxb4 45. Rxb4 Bxb4 46. Na2 Be7 47. Kd3 Kd7 48. Kc3 Kc6 49. Kb3 b5 50. Nb4+ Kb6 51. Nd3 a5 52. Nf4 a4+ 53. Ka2 b4 54. Ng2 b3+ 55. Kb2 Kb5 56. g4 Kc4 0-1

[Event "Newport Open"]
[Site "Newport"]
[Date "2007.01.07"]
[Round "4"]
[White "Young, Alan J"]
[Black "Downey, Keith AB"]
[Result "1-0"]
[WhiteElo "2062"]
[BlackElo "1834"]
[PlyCount "69"]
[EventDate "2007.01.05"]
[EventType "swiss"]
[EventRounds "5"]
[EventCountry "WLS"]
[SourceTitle "BritBase"]
[Source "John Saunders"]
[SourceDate "2025.01.31"]
[SourceVersion "1"]
[SourceVersionDate "2025.01.31"]
[SourceQuality "1"]

1. e4 c5 2. c3 d5 3. exd5 Qxd5 4. d4 Nc6 5. Nf3 Nf6 6. Be3 cxd4 7. cxd4 e6 8. Nc3 Qd6 9. Be2 Be7 10. O-O O-O 11. Qd2 Nb4 12. Bf4 Qd8 13. Bg3 b6 14. Ne5 Bb7 15. a3 Nbd5 16. Bf3 Rc8 17. Rfe1 Ba8 18. Rac1 a6 19. Qd3 b5 20. h3 Qb6 21. Nxd5 Bxd5 22. Bxd5 exd5 23. Qf5 Qb7 24. Bh4 g6 25. Qf3 Kg7 26. Qe3 Ne4 27. Ng4 Bxh4 28. Qh6+ Kg8 29. Qxh4 f5 30. Ne5 Kg7 31. f3 Nf6 32. Nd3 Rc4 33. Nc5 Qa8 34. Rxc4 bxc4 35. Ne6+ 1-0

[Event "Newport Open"]
[Site "Newport"]
[Date "2007.01.07"]
[Round "4"]
[White "White, Michael"]
[Black "Spice, Alan P"]
[Result "1-0"]
[WhiteElo "2200"]
[BlackElo "2216"]
[PlyCount "55"]
[EventDate "2007.01.05"]
[EventType "swiss"]
[EventRounds "5"]
[EventCountry "WLS"]
[SourceTitle "BritBase"]
[Source "John Saunders"]
[SourceDate "2025.01.31"]
[SourceVersion "1"]
[SourceVersionDate "2025.01.31"]
[SourceQuality "1"]

1. e4 e6 2. d4 d5 3. e5 c5 4. c3 Nc6 5. Nf3 Qb6 6. a3 c4 7. Nbd2 Na5 8. Be2 Bd7 9. O-O h6 10. Rb1 O-O-O 11. Re1 Kb8 12. h4 f5 13. exf6 gxf6 14. Nh2 Bd6 15. Bg4 f5 16. Bh3 Nf6 17. Ndf3 Ne4 18. Be3 f4 19. Bd2 e5 20. Bxd7 Rxd7 21. Ng4 Nxd2 22. Qxd2 e4 23. Nfe5 Rg7 24. Qxf4 h5 25. Nf6 Qd8 26. Nxd5 Rg4 27. Qf6 Rxh4 28. Nd7+ 1-0

[Event "Newport Open"]
[Site "Newport"]
[Date "2007.01.07"]
[Round "4"]
[White "Bridges, Paul L"]
[Black "Thomas, Jac"]
[Result "0-1"]
[WhiteElo "1769"]
[BlackElo "1964"]
[PlyCount "82"]
[EventDate "2007.01.05"]
[EventType "swiss"]
[EventRounds "5"]
[EventCountry "WLS"]
[SourceTitle "BritBase"]
[Source "John Saunders"]
[SourceDate "2025.01.31"]
[SourceVersion "1"]
[SourceVersionDate "2025.01.31"]
[SourceQuality "1"]

1. e4 d6 2. Nc3 Nf6 3. Bc4 g6 4. d3 Bg7 5. f3 c6 6. Bb3 Nbd7 7. Nge2 Nc5 8. Be3 Nxb3 9. axb3 c5 10. O-O O-O 11. Qd2 Bd7 12. d4 cxd4 13. Nxd4 a6 14. Rfd1 Qc7 15. Nce2 e5 16. c3 exd4 17. Nxd4 Ne8 18. b4 Nf6 19. Ne2 Bb5 20. Nd4 d5 21. exd5 Bc4 22. Bf4 Qb6 23. d6 Nd5 24. Kh1 Nxf4 25. Qxf4 Rad8 26. Nc2 Bb3 27. Rac1 Rd7 28. Rd2 Bxc2 29. Rcxc2 Rfd8 30. h3 Rxd6 31. Rxd6 Qxd6 32. Qxd6 Rxd6 33. Kg1 Bh6 34. Kf1 Rd2 35. Rxd2 Bxd2 36. Ke2 Bf4 37. Kd3 Kf8 38. Kc4 Ke7 39. Kc5 Be3+ 40. Kd5 Bc1 41. b3 Bd2 0-1

[Event "Newport Open"]
[Site "Newport"]
[Date "2007.01.07"]
[Round "4"]
[White "Brockbank, Henry W"]
[Black "Harley-Yeo, Gareth"]
[Result "1/2-1/2"]
[WhiteElo "1816"]
[BlackElo "2009"]
[PlyCount "43"]
[EventDate "2007.01.05"]
[EventType "swiss"]
[EventRounds "5"]
[EventCountry "WLS"]
[SourceTitle "BritBase"]
[Source "John Saunders"]
[SourceDate "2025.01.31"]
[SourceVersion "1"]
[SourceVersionDate "2025.01.31"]
[SourceQuality "1"]

1. c4 Nf6 2. Nc3 c6 3. d4 d5 4. cxd5 cxd5 5. Nf3 Nc6 6. Bf4 Qb6 7. Na4 Qb4+ 8. Bd2 Qd6 9. e3 a6 10. Nb6 Rb8 11. Nxc8 Rxc8 12. Rc1 Qb8 13. Qa4 Nd7 14. Qb3 e6 15. Bd3 Bd6 16. h3 h6 17. a4 f5 18. g4 f4 19. e4 Ne7 20. Rxc8+ Qxc8 21. e5 Bc7 22. Ke2 1/2-1/2

[Event "Newport Open"]
[Site "Newport"]
[Date "2007.01.07"]
[Round "4"]
[White "Fathallah, Joe"]
[Black "Thomas, Joseff"]
[Result "0-1"]
[WhiteElo "1922"]
[BlackElo "2093"]
[PlyCount "58"]
[EventDate "2007.01.05"]
[EventType "swiss"]
[EventRounds "5"]
[EventCountry "WLS"]
[SourceTitle "BritBase"]
[Source "John Saunders"]
[SourceDate "2025.01.31"]
[SourceVersion "1"]
[SourceVersionDate "2025.01.31"]
[SourceQuality "1"]

1. d4 Nf6 2. Nf3 g6 3. c4 Bg7 4. Nc3 d6 5. Bg5 O-O 6. e4 c5 7. d5 h6 8. Bd2 e5 9. Qc1 Kh7 10. Bd3 Bg4 11. Qc2 Na6 12. a3 Nc7 13. h3 Bxf3 14. gxf3 a6 15. f4 exf4 16. Bxf4 b5 17. Kd2 Re8 18. f3 Nh5 19. Be3 Qf6 20. cxb5 axb5 21. Bxb5 Nxb5 22. Nxb5 Rab8 23. a4 Qxf3 24. Rhf1 Qxh3 25. Rab1 Nf6 26. Nxd6 Qh2+ 27. Kd3 Qxd6 28. Bf4 Qa6+ 29. Qc4 Rb3+ 0-1

[Event "Newport Open"]
[Site "Newport"]
[Date "2007.01.07"]
[Round "4"]
[White "Hunt, Bill"]
[Black "Evans, Craig"]
[Result "1/2-1/2"]
[WhiteElo "1774"]
[BlackElo "1952"]
[PlyCount "41"]
[EventDate "2007.01.05"]
[EventType "swiss"]
[EventRounds "5"]
[EventCountry "WLS"]
[SourceTitle "BritBase"]
[Source "John Saunders"]
[SourceDate "2025.01.31"]
[SourceVersion "1"]
[SourceVersionDate "2025.01.31"]
[SourceQuality "1"]

1. e4 e5 2. Nf3 d5 3. Nxe5 Bd6 4. d4 dxe4 5. Nc4 Be7 6. c3 Nf6 7. Be2 O-O 8. O-O h6 9. Ne3 c6 10. Nd2 Re8 11. Re1 Bd6 12. Ndf1 Nh7 13. Ng3 Qh4 14. Bg4 Bxg4 15. Qxg4 Qxg4 16. Nxg4 Bxg3 17. hxg3 f5 18. Ne5 Nf6 19. Be3 Nbd7 20. Nc4 Re6 21. Rad1 1/2-1/2

[Event "Newport Open"]
[Site "Newport"]
[Date "2007.01.07"]
[Round "4"]
[White "Kett, Timothy J"]
[Black "Mordue, A Tyson"]
[Result "0-1"]
[WhiteElo "2231"]
[BlackElo "2152"]
[PlyCount "82"]
[EventDate "2007.01.05"]
[EventType "swiss"]
[EventRounds "5"]
[EventCountry "WLS"]
[SourceTitle "BritBase"]
[Source "John Saunders"]
[SourceDate "2025.01.31"]
[SourceVersion "1"]
[SourceVersionDate "2025.01.31"]
[SourceQuality "1"]

1. e4 c5 2. Nf3 d6 3. d4 cxd4 4. Nxd4 Nf6 5. Nc3 a6 6. Bg5 e6 7. f4 Be7 8. Qe2 Nc6 9. O-O-O Qa5 10. Nb3 Qc7 11. g4 Bd7 12. Bg2 O-O-O 13. Rhe1 Kb8 14. Kb1 h6 15. Bh4 Nxe4 16. Nxe4 Bxh4 17. Rf1 Bc8 18. Nd4 Nxd4 19. Rxd4 d5 20. Nd2 Bd7 21. Rf3 Bf6 22. Rb4 Bb5 23. Qd1 Be7 24. Rbb3 Rc8 25. Bf1 Bxf1 26. Nxf1 Rhd8 27. a3 Rd6 28. Rfc3 Rc6 29. Rxc6 Qxc6 30. Rc3 Qd6 31. Rxc8+ Kxc8 32. Qf3 Bf6 33. g5 hxg5 34. fxg5 Bxg5 35. Qxf7 Bf6 36. c3 Kb8 37. Ng3 Ka7 38. Ka2 d4 39. c4 d3 40. Ne4 Qd4 41. Nxf6 Qxc4+ 0-1

[Event "Newport Open"]
[Site "Newport"]
[Date "2007.01.07"]
[Round "4"]
[White "Morcom, Huw C"]
[Black "Christmas, Steve"]
[Result "1/2-1/2"]
[WhiteElo "1881"]
[BlackElo "1972"]
[PlyCount "76"]
[EventDate "2007.01.05"]
[EventType "swiss"]
[EventRounds "5"]
[EventCountry "WLS"]
[SourceTitle "BritBase"]
[Source "John Saunders"]
[SourceDate "2025.01.31"]
[SourceVersion "1"]
[SourceVersionDate "2025.01.31"]
[SourceQuality "1"]

1. e4 c5 2. Nf3 g6 3. d3 Bg7 4. g3 Nc6 5. Bg2 d6 6. O-O Nf6 7. Nbd2 Bd7 8. Re1 Qc7 9. h4 e5 10. Nf1 Ng4 11. Ne3 Nxe3 12. Bxe3 h6 13. c3 Bg4 14. Qd2 Bxf3 15. Bxf3 b6 16. Bg4 Qe7 17. Rf1 h5 18. Bh3 f6 19. Rae1 Kd8 20. a3 Kc7 21. b4 Raf8 22. Rb1 Rhg8 23. Qb2 g5 24. bxc5 dxc5 25. hxg5 fxg5 26. Bg2 Rh8 27. Qe2 Bf6 28. d4 exd4 29. cxd4 Bxd4 30. Bxd4 Nxd4 31. Qa6 Rb8 32. Qxa7+ Rb7 33. Qa6 g4 34. Qd3 h4 35. e5 Ra7 36. Rfe1 h3 37. Qg6 Rb8 38. Bh1 Qe6 1/2-1/2